[Event "GER-chT U12 Girls"]
[Site "Magdeburg"]
[Date "2023.12.29"]
[Round "6.5"]
[White "Fruth, Julia"]
[Black "Winkler, Frida"]
[Result "1/2-1/2"]
[WhiteElo "1296"]
[BlackElo "1298"]
[PlyCount "56"]
[EventDate "2023.12.26"]
[EventType "team-swiss"]
[EventRounds "7"]
[EventCountry "GER"]
[SourceTitle "CB03_2024"]
[SourceDate "2024.01.17"]
[SourceVersion "1"]
[SourceVersionDate "2024.01.17"]
[SourceQuality "1"]
[WhiteTeam "Dresden TU"]
[BlackTeam "Plauen Koenig"]
[WhiteTeamCountry "GER"]
[BlackTeamCountry "GER"]

1. e4 d5 2. exd5 Nf6 3. Nc3 Nxd5 4. Nf3 Bg4 5. Be2 Nc6 6. d4 g6 7. 0-0 Bg7 8. Re1 Qd7 9. a3 0-0-0 10. Nxd5 Qxd5 11. c3 Rd6 12. Qc2 Bf5 13. Bd3 Bxd3 14. Qxd3 e5 15. c4 Qe6 16. d5 Qe7 17. Qe3 Na5 18. Qe2 f6 19. Qc2 b6 20. Bd2 Nb7 21. Nd4 a6 22. Nc6 Qf7 23. a4 Nd8 24. Nb4 a5 25. Nd3 c5 26. b3 e4 27. Nc1 f5 28. Rb1 Nb7 1/2-1/2

[Event "GER-chT U12 Girls"]
[Site "Magdeburg"]
[Date "2023.12.27"]
[Round "1.1"]
[White "Fruth, Julia"]
[Black "John, Linnea"]
[Result "1/2-1/2"]
[WhiteElo "1296"]
[BlackElo "1393"]
[PlyCount "48"]
[EventDate "2023.12.26"]
[EventType "team-swiss"]
[EventRounds "7"]
[EventCountry "GER"]
[SourceTitle "CB03_2024"]
[SourceDate "2024.01.17"]
[SourceVersion "1"]
[SourceVersionDate "2024.01.17"]
[SourceQuality "1"]
[WhiteTeam "Dresden TU"]
[BlackTeam "Weisse Dame"]
[WhiteTeamCountry "GER"]
[BlackTeamCountry "GER"]

1. e4 c5 2. Nf3 Nc6 3. Bb5 e6 4. Bxc6 bxc6 5. d3 d5 6. 0-0 Be7 7. Re1 Nf6 8. Nc3 0-0 9. exd5 cxd5 10. d4 Bd7 11. Be3 Ng4 12. Qe2 Qc7 13. dxc5 Nxe3 14. Qxe3 Bxc5 15. Qd3 Qb6 16. Re2 Qxb2 17. Rb1 Qa3 18. Ng5 g6 19. Qh3 h5 20. Qd3 Qa5 21. Ree1 Bb4 22. Rb3 Ba4 23. a3 Be7 24. Nxe6 fxe6 1/2-1/2

[Event "GER-ch U12 Girls"]
[Site "Willingen"]
[Date "2023.06.03"]
[Round "9"]
[White "Wang, Enya Marie"]
[Black "Fruth, Julia"]
[Result "1-0"]
[WhiteElo "1156"]
[BlackElo "1187"]
[PlyCount "31"]
[EventDate "2023.05.27"]
[EventType "swiss"]
[EventRounds "9"]
[EventCountry "GER"]
[SourceTitle "CBM 214 Extra"]
[Source "ChessBase"]
[SourceDate "2023.07.31"]
[SourceVersion "1"]
[SourceVersionDate "2023.07.31"]
[SourceQuality "1"]

1. e4 c5 2. c3 d5 3. exd5 Qxd5 4. Nf3 Nc6 5. Na3 e6 6. d4 Nf6 7. Be3 cxd4 8. Nb5 Bd6 9. Bc4 Qc5 10. cxd4 Nxd4 11. Bxd4 Qb4+ 12. Bc3 Qc5 13. Nxd6+ Ke7 14. Nxc8+ Raxc8 15. Bb3 Rhd8 16. Qc2 1-0

[Event "GER-ch U12 Girls"]
[Site "Willingen"]
[Date "2023.05.31"]
[Round "6"]
[White "Fruth, Julia"]
[Black "Dhanasekaran Meenambigai, Diya"]
[Result "0-1"]
[WhiteElo "1187"]
[BlackElo "1440"]
[PlyCount "60"]
[EventDate "2023.05.27"]
[EventType "swiss"]
[EventRounds "9"]
[EventCountry "GER"]
[SourceTitle "CBM 214 Extra"]
[Source "ChessBase"]
[SourceDate "2023.07.31"]
[SourceVersion "1"]
[SourceVersionDate "2023.07.31"]
[SourceQuality "1"]

1. e4 c5 2. Nf3 d6 3. d4 cxd4 4. Nxd4 Nf6 5. f3 g6 6. c4 Nc6 7. Nc2 Bg7 8. Nc3 Bd7 9. Be3 Rc8 10. Qd2 0-0 11. Be2 a5 12. a3 Ne5 13. b3 a4 14. bxa4 Nxc4 15. Bxc4 Rxc4 16. Qd3 Qc7 17. Bd2 Nh5 18. 0-0 Bxc3 19. Ne3 Bxa1 20. Nxc4 Bg7 21. Rc1 Bxa4 22. Be3 Bc6 23. Bb6 Qd7 24. Rb1 Bb5 25. Qb3 Bxc4 26. Qxc4 Rc8 27. Qd3 Nf4 28. Qe3 Ne6 29. g3 Rc6 30. Qb3 Rxb6 0-1

[Event "GER-ch U12 Girls"]
[Site "Willingen"]
[Date "2023.05.28"]
[Round "1"]
[White "Leicher, Anna"]
[Black "Fruth, Julia"]
[Result "0-1"]
[WhiteElo "1306"]
[BlackElo "1187"]
[PlyCount "104"]
[EventDate "2023.05.27"]
[EventType "swiss"]
[EventRounds "9"]
[EventCountry "GER"]
[SourceTitle "CBM 214 Extra"]
[Source "ChessBase"]
[SourceDate "2023.07.31"]
[SourceVersion "1"]
[SourceVersionDate "2023.07.31"]
[SourceQuality "1"]

1. e4 c5 2. Nc3 a6 3. f4 b5 4. Nf3 Bb7 5. d3 d6 6. Be2 Nc6 7. 0-0 Nf6 8. Qe1 e6 9. Qh4 Be7 10. Qh3 0-0 11. b3 Qb6 12. Kh1 Nd7 13. Bb2 Rac8 14. Qg3 Bf6 15. Ng5 Nd4 16. Rab1 b4 17. Na4 Qc7 18. Bxd4 Bxd4 19. Qh4 h6 20. Rf3 d5 21. e5 c4 22. Rg3 cxb3 23. Nxe6 fxe6 24. Qxh6 Nxe5 25. Qxe6+ Qf7 26. Qxf7+ Rxf7 27. cxb3 Rxf4 28. h3 Rc2 29. Bh5 Rxa2 30. Kh2 Rff2 31. Rc1 Rac2 32. Re1 Rfe2 33. Rf1 Red2 34. Rf4 Bf2 35. Rg5 Be3 36. Rff5 Bxg5 37. Rxg5 Nxd3 38. Bg6 d4 39. Kh1 Bf3 40. Bxd3 Rxd3 41. Nc5 Rd1+ 42. Kh2 Rdd2 43. Kh1 Rxg2 44. Rxg2 Bxg2+ 45. Kg1 Rxc5 46. Kxg2 Rc3 47. Kf2 Rxb3 48. Ke2 Rc3 49. Kd2 b3 50. Kd1 Rc2 51. Ke1 b2 52. h4 b1Q# 0-1

[Event "GER-chT U12 Girls"]
[Site "Willingen"]
[Date "2022.08.13"]
[Round "1.2"]
[White "Fruth, Julia"]
[Black "Engeln, Helene"]
[Result "1-0"]
[WhiteElo "1028"]
[BlackElo "956"]
[PlyCount "43"]
[EventDate "2022.08.13"]
[EventType "team-swiss"]
[EventRounds "7"]
[EventCountry "GER"]
[SourceTitle "EXT 2023"]
[Source "ChessBase"]
[SourceDate "2022.10.05"]
[SourceVersion "1"]
[SourceVersionDate "2022.10.05"]
[SourceQuality "1"]
[WhiteTeam "Chemnitz USG"]
[BlackTeam "Neumuenster Agon"]
[WhiteTeamCountry "GER"]
[BlackTeamCountry "GER"]

1. e4 e5 2. Nf3 Nc6 3. d4 exd4 4. Bc4 Bc5 5. c3 Qe7 6. Qe2 Nf6 7. Nbd2 0-0 8. 0-0 Ne5 9. Nxe5 Qxe5 10. Re1 Bd6 11. Nf3 Qh5 12. e5 Re8 13. cxd4 Bb4 14. Bd2 Bxd2 15. Qxd2 Ng4 16. h3 Nh6 17. Ng5 d6 18. exd6 Rxe1+ 19. Rxe1 Be6 20. Nxe6 fxe6 21. Bxe6+ Nf7 22. dxc7 1-0

[Event "GER-chT U12 Girls"]
[Site "Willingen"]
[Date "2022.08.13"]
[Round "2.2"]
[White "Mauhs, Helena"]
[Black "Fruth, Julia"]
[Result "0-1"]
[WhiteElo "857"]
[BlackElo "1028"]
[PlyCount "78"]
[EventDate "2022.08.13"]
[EventType "team-swiss"]
[EventRounds "7"]
[EventCountry "GER"]
[SourceTitle "EXT 2023"]
[Source "ChessBase"]
[SourceDate "2022.10.05"]
[SourceVersion "1"]
[SourceVersionDate "2022.10.05"]
[SourceQuality "1"]
[WhiteTeam "Bayern Muenchen"]
[BlackTeam "Chemnitz USG"]
[WhiteTeamCountry "GER"]
[BlackTeamCountry "GER"]

1. e4 c5 2. Bc4 d6 3. Nf3 Nf6 4. Nc3 a6 5. Bb3 e6 6. d4 Nbd7 7. e5 dxe5 8. dxe5 Ng4 9. h3 Ngxe5 10. Bf4 Nc6 11. Qe2 Be7 12. 0-0-0 0-0 13. Qe4 Ra7 14. h4 Na5 15. Bg5 h6 16. Rd3 b5 17. Re3 c4 18. Nd4 cxb3 19. axb3 Bb7 20. Qd3 Bxg2 21. Rh2 Bxg5 22. hxg5 Qxg5 23. Kb1 Be4 24. Qxe4 Qg1+ 25. Ka2 Qxh2 26. b4 Nc4 27. Rg3 a5 28. Qg4 axb4+ 29. Kb3 g6 30. Nxe6 Nde5 31. Qf4 Qh1 32. Qf6 fxe6 33. Qxe6+ Kg7 34. Qh3 bxc3 35. Qxh1 cxb2 36. Rh3 Ra3+ 37. Kb4 Rxh3 38. Qb7+ Kh8 39. Qg2 b1Q+ 0-1

[Event "GER-ch U10 Girls"]
[Site "Willingen"]
[Date "2021.08.28"]
[Round "9"]
[White "Tu, Audrey"]
[Black "Fruth, Julia"]
[Result "1-0"]
[WhiteElo "913"]
[BlackElo "1007"]
[PlyCount "59"]
[EventDate "2021.08.22"]
[EventType "swiss"]
[EventRounds "11"]
[EventCountry "GER"]
[SourceTitle "EXT 2022"]
[Source "ChessBase"]
[SourceDate "2021.10.06"]
[SourceVersion "1"]
[SourceVersionDate "2021.10.06"]
[SourceQuality "1"]

1. e4 c5 2. Nc3 a6 3. g3 b5 4. Bg2 Bb7 5. Nge2 Nc6 6. a3 Nf6 7. d3 e6 8. 0-0 Be7 9. Bd2 d5 10. exd5 exd5 11. Bg5 d4 12. Bxf6 Bxf6 13. Nd5 0-0 14. Nef4 Qd6 15. Nh5 Bd8 16. Qg4 Qh6 17. Rfe1 Bc8 18. Qf3 Bb7 19. Re2 b4 20. Rae1 Ba5 21. Ne7+ Nxe7 22. Qxb7 bxa3 23. Qxe7 Bxe1 24. Bxa8 Bxf2+ 25. Kxf2 axb2 26. Bc6 Qxc6 27. Re1 Qe6 28. Rxe6 fxe6+ 29. Kg2 b1Q 30. Qxg7# 1-0

[Event "GER-ch U10 Girls"]
[Site "Willingen"]
[Date "2021.08.25"]
[Round "5"]
[White "Fruth, Julia"]
[Black "Heidtkamp, Anna"]
[Result "1-0"]
[WhiteElo "1007"]
[BlackElo "1132"]
[PlyCount "99"]
[EventDate "2021.08.22"]
[EventType "swiss"]
[EventRounds "11"]
[EventCountry "GER"]
[SourceTitle "EXT 2022"]
[Source "ChessBase"]
[SourceDate "2021.10.06"]
[SourceVersion "1"]
[SourceVersionDate "2021.10.06"]
[SourceQuality "1"]

1. e4 e5 2. Nf3 Nc6 3. d4 exd4 4. Nxd4 Bc5 5. Nf5 Qf6 6. Nc3 d6 7. Nd5 Qd8 8. Nxg7+ Kf8 9. Nh5 Be6 10. Bc4 Bxd5 11. Qxd5 Ne5 12. 0-0 c6 13. Qd1 Nxc4 14. Qg4 Bd4 15. e5 Nxe5 16. Qxd4 Nf6 17. Nxf6 Qxf6 18. Qb4 b6 19. Bf4 c5 20. Qe4 Re8 21. Bxe5 Qxe5 22. Qxe5 Rxe5 23. Rfe1 f6 24. Rxe5 fxe5 25. a3 a5 26. c3 Ke7 27. Re1 Rf8 28. g3 Ke6 29. f4 Rf5 30. fxe5 Rxe5 31. Rxe5+ Kxe5 32. Kg2 Kf5 33. h3 h5 34. Kf3 d5 35. g4+ hxg4+ 36. hxg4+ Kg5 37. b4 cxb4 38. cxb4 a4 39. Ke3 Kxg4 40. Kd4 Kf5 41. Kxd5 Kf4 42. Kc6 Ke3 43. Kxb6 Kd3 44. Ka5 Kc4 45. b5 Kb3 46. b6 Ka2 47. b7 Ka1 48. b8Q Ka2 49. Kxa4 Ka1 50. Kb3 1-0

[Event "GER-ch U10 Girls"]
[Site "Willingen"]
[Date "2021.08.24"]
[Round "3"]
[White "Fruth, Julia"]
[Black "Wilke, Ronja"]
[Result "1-0"]
[WhiteElo "1007"]
[BlackElo "823"]
[PlyCount "115"]
[EventDate "2021.08.22"]
[EventType "swiss"]
[EventRounds "11"]
[EventCountry "GER"]
[SourceTitle "EXT 2022"]
[Source "ChessBase"]
[SourceDate "2021.10.06"]
[SourceVersion "1"]
[SourceVersionDate "2021.10.06"]
[SourceQuality "1"]

1. e4 e5 2. Nf3 Nc6 3. d4 exd4 4. Nxd4 Nf6 5. Nc3 Bb4 6. Nxc6 bxc6 7. Bg5 0-0 8. Be2 Re8 9. 0-0 Bxc3 10. bxc3 Rxe4 11. Qd3 Re5 12. Be3 d6 13. Bd4 Re6 14. Bc5 Bb7 15. Rad1 a5 16. Be3 Ba6 17. c4 d5 18. f4 Bxc4 19. Qd2 Bxa2 20. c4 g6 21. Rf3 Ne4 22. Qxa2 Nc3 23. Qd2 Nxd1 24. Qxd1 dxc4 25. Qxd8+ Rxd8 26. Bxc4 Rd1+ 27. Kf2 Re4 28. Ke2 Rd8 29. Bd3 Ree8 30. f5 Ra8 31. fxg6 fxg6 32. Bc4+ Kg7 33. Rf7+ Kh8 34. Kf3 Rxe3+ 35. Kxe3 a4 36. h4 a3 37. Rf2 Kg7 38. g4 c5 39. Kd3 Kh6 40. Kc3 c6 41. Kb3 Kg7 42. Ra2 Kf6 43. Rxa3 Rxa3+ 44. Kxa3 Ke5 45. Bg8 Kd4 46. Kb2 Kd3 47. Bxh7 Kd2 48. Bxg6 c4 49. h5 c3+ 50. Kb3 c5 51. h6 c4+ 52. Ka2 c2 53. Bxc2 Kxc2 54. h7 Kd1 55. h8Q Kd2 56. Kb1 c3 57. Qh7 c2+ 58. Qxc2+ 1-0